[Event "LEM M-V 2022 Open"]
[Site "Neubrandenburg, Germany"]
[Date "2022.04.12"]
[Round "7.7"]
[White "Marzisch, Jens"]
[Black "Birkholz, Karl Lukas"]
[Result "1/2-1/2"]
[WhiteElo "1563"]
[BlackElo "1616"]
[PlyCount "41"]
[EventDate "2022.04.09"]

1. d4 d5 2. Nf3 Nf6 3. e3 e6 4. Bd3 c5 5. c3 Nc6 6. Nbd2 Bd6 7. O-O O-O 8. dxc5
Bxc5 9. e4 Bd6 10. Re1 e5 11. exd5 Nxd5 12. Nc4 Bc7 13. Ncxe5 Nxe5 14. Nxe5 Qd6
15. Nf3 Nf4 16. Bxf4 Qxf4 17. g3 Qf6 18. Qc2 Qxf3 19. Bxh7+ Kh8 20. Re3 Qh5 21.
Re4 1/2-1/2

[Event "LEM M-V 2022 Open"]
[Site "Neubrandenburg, Germany"]
[Date "2022.04.12"]
[Round "7.8"]
[White "Marzisch, Darius"]
[Black "Moritz, Egon"]
[Result "1-0"]
[WhiteElo "1615"]
[BlackElo "1650"]
[PlyCount "93"]
[EventDate "2022.04.09"]

1. e4 d5 2. exd5 Qxd5 3. Nc3 Qa5 4. d4 c6 5. Nf3 Bg4 6. Be2 Nf6 7. O-O e6 8.
Ne5 Bxe2 9. Qxe2 Bd6 10. Re1 Qc7 11. g3 h6 12. f4 O-O 13. Ne4 Nxe4 14. Qxe4 Nd7
15. c3 Nf6 16. Qf3 c5 17. dxc5 Bxc5+ 18. Be3 Rfd8 19. Rad1 Nd5 20. Bxc5 Qxc5+
21. Qf2 Qxf2+ 22. Kxf2 Kf8 23. Rd2 Nf6 24. Rxd8+ Rxd8 25. Ke2 Ke7 26. Rd1 Rxd1
27. Kxd1 h5 28. Ke2 Ng4 29. Nxg4 hxg4 30. Ke3 Kd6 31. Kd4 f6 32. b3 g6 33. a4
b6 34. b4 a6 35. c4 Kc7 36. c5 b5 37. axb5 axb5 38. Ke3 Kc6 39. Kf2 Kd5 40. Kg2
Kc6 41. h3 gxh3+ 42. Kxh3 Kd5 43. Kg4 Kc6 44. Kf3 Kc7 45. Ke4 Kc6 46. g4 Kd7
47. g5 1-0

[Event "LEM M-V 2022 Open"]
[Site "Neubrandenburg, Germany"]
[Date "2022.04.12"]
[Round "7.9"]
[White "Ederle, Artöm"]
[Black "Langbein, Wolfgang"]
[Result "1-0"]
[WhiteElo "1547"]
[BlackElo "1376"]
[PlyCount "97"]
[EventDate "2022.04.09"]

1. e4 c5 2. Nf3 Nc6 3. d4 cxd4 4. Nxd4 e5 5. Nf5 d6 6. f4 g6 7. Ng3 Nf6 8. Nc3
Bg4 9. Be2 Bxe2 10. Qxe2 h5 11. fxe5 Nxe5 12. Bg5 Be7 13. O-O-O a6 14. Rhf1 O-O
15. Rf4 Nh7 16. Bxe7 Qxe7 17. Nd5 Qg5 18. Nf1 Rac8 19. Nfe3 Qd8 20. h4 Qa5 21.
Nc3 Rxc3 22. bxc3 Qxc3 23. Nd5 Qa3+ 24. Kd2 Qxa2 25. Ke1 Kg7 26. c3 Qa5 27. Kf1
b5 28. Kg1 Ng4 29. Rdf1 Qd8 30. g3 g5 31. hxg5 Nxg5 32. Rxg4 hxg4 33. Qxg4 f6
34. Nxf6 Rxf6 35. Qxg5+ Kf7 36. Qd5+ Kg6 37. Ra1 Qb6+ 38. Kh1 Kh7 39. Ra2 Rf1+
40. Kg2 Qg1+ 41. Kh3 Qb6 42. e5 Kg7 43. exd6 Rf6 44. Qg5+ Kf7 45. Qd5+ Kf8 46.
d7 Rd6 47. Rf2+ Ke7 48. Rf7+ Kd8 49. Qa8+ 1-0

[Event "LEM M-V 2022 Open"]
[Site "Neubrandenburg, Germany"]
[Date "2022.04.12"]
[Round "7.10"]
[White "Bartel, Jethro Aldrich"]
[Black "Wulff, Jens-Peter"]
[Result "1-0"]
[WhiteElo "1592"]
[BlackElo "1790"]
[PlyCount "111"]
[EventDate "2022.04.09"]

1. e4 c6 2. d4 Na6 3. c3 Nc7 4. Bd3 g6 5. Be3 Nh6 6. Na3 f6 7. Qd2 Nf7 8. Nc2
Bg7 9. h4 h5 10. Ne2 d6 11. Nf4 Rh6 12. O-O-O e5 13. Ne2 Rh8 14. d5 c5 15. Na3
Bd7 16. Kb1 b5 17. c4 b4 18. Nc2 a5 19. Ne1 a4 20. f3 Bh6 21. Ng3 Bxe3 22. Qxe3
Nh6 23. Qe2 Qe7 24. Rd2 O-O-O 25. a3 b3 26. Nf1 f5 27. Ne3 Rdf8 28. Nd1 fxe4
29. Bxe4 Bf5 30. Nc3 Bxe4+ 31. Qxe4 Nf5 32. Rh3 g5 33. hxg5 Qxg5 34. Rd1 Qe3
35. Nxa4 Qxe4+ 36. fxe4 Nd4 37. Nf3 Rf4 38. Nxd4 exd4 39. Rxb3 Rxe4 40. Rh1 Na8
41. Rbh3 d3 42. Rxd3 Rxc4 43. Nc3 Rg4 44. Rh2 Nb6 45. Rdh3 Rg5 46. g4 h4 47.
Rxh4 Rxh4 48. Rxh4 Nxd5 49. Nxd5 Rxd5 50. Rh5 Rd4 51. g5 Rg4 52. Rh8+ Kd7 53.
Rg8 Rg2 54. g6 c4 55. g7 d5 56. Ra8 1-0

[Event "LEM M-V 2022 Open"]
[Site "Neubrandenburg, Germany"]
[Date "2022.04.12"]
[Round "7.13"]
[White "Radloff, Arno"]
[Black "Müller, Rosemarie"]
[Result "0-1"]
[WhiteElo "1595"]
[BlackElo "1319"]
[PlyCount "74"]
[EventDate "2022.04.09"]

1. d4 e6 2. c4 d5 3. Nf3 Nf6 4. Nc3 Be7 5. e3 O-O 6. Bd3 c5 7. O-O Nc6 8. dxc5
Bxc5 9. cxd5 exd5 10. a3 Re8 11. b4 Bd6 12. h3 a6 13. b5 Ne5 14. Be2 Bc5 15.
Nd4 a5 16. a4 b6 17. Bb2 Bb7 18. Qc2 Rc8 19. Qd1 g6 20. Rc1 Bd6 21. Nf3 Nc4 22.
Bxc4 dxc4 23. Qe2 Nh5 24. Rfd1 Nf4 25. Qc2 Nd3 26. Rb1 Bxf3 27. gxf3 Qg5+ 28.
Kf1 Qh4 29. Ne4 Qxh3+ 30. Ke2 Re6 31. Rh1 Qf5 32. Ng5 Nf4+ 33. Kd1 Qxg5 34.
exf4 Qxf4 35. Re1 Qxf3+ 36. Re2 Bf4 37. Bc1 Rd8+ 0-1